Truyện ngắn của Nguyễn Huy Thiệp

Uloženo v:
Podrobná bibliografie
Médium: Kniha
Vydáno: 2003
Tagy: Přidat tag
Žádné tagy, Buďte první, kdo otaguje tento záznam!
Thư viện lưu trữ: Mạng thư viện Đại học Đà Nẵng
LEADER 00456nam a22001811a 4500
001 000038864
003 15159
005 20160412021847.0
008 160412s2003 000
082 |a 4V(TK)73 
245 |a Truyện ngắn của Nguyễn Huy Thiệp  |c Nguyễn Huy Thiệp 
260 |c 2003 
OWN |a LNN 
999 |a From the UDN01 
TYP |a Monograph 
980 |a Mạng thư viện Đại học Đà Nẵng